000
00312nam a2200121Ia 4500
008
220217s9999||||xx |||||||||||||| ||und||
082
_a
621.381 NAV
100
_a
Navas, K.A
245
0
_a
Electronic Lab Manual
260
_a
Rajeswari publication
_b
Bangalore
_c
2003
300
_b
150
650
_a
ELECTRONICS
999
_c
175150
_d
175150